000 00456nam a2200193Ia 4500
003 OSt
005 20221005113749.0
006 a|||||r|||| 00| 0
007 ta
008 221004b |||||||| |||| 00| 0 eng d
024 _a114635
037 _cTextual
040 _aCRL
_cCRL
_beng
041 _2eng
_aeng
100 _aChaturvedi C L
_9624911
245 0 _aAdvance accountancy
942 _cTEXL
_2cc
999 _c1029205
_d1029205